| 000 | 00000nas 2200000zi 4500 |
| 001 | 9.916415 |
| 003 | CaOODSP |
| 005 | 20250106105803 |
| 006 | m o d f |
| 007 | cr cn |||||||| |
| 008 | 221020c20159999oncar p o f0###a0eng|d |
| 022 | |a2817-7169 |
| 040 | |aCaOODSP|beng|erda|cCaOODSP |
| 043 | |an-cn--- |
| 086 | 1 |aJ85-12E-PDF |
| 110 | 2 |aAdministrative Tribunals Support Service of Canada.|eauthor, |eissuing body. |
| 222 | 0|aFinancial statements ... |b(Administrative Tribunals Support Service of Canada) |
| 245 | 10|aStatement of management responsibility including internal control over financial reporting / |cAdministrative Tribunals Support Service of Canada. |
| 246 | 13|aFinancial statements |
| 264 | 1|a[Ottawa] : |bAdministrative Tribunals Support Service of Canada, |c[2015]- |
| 310 | |aAnnual |
| 336 | |atext|btxt|2rdacontent |
| 337 | |acomputer|bc|2rdamedia |
| 338 | |aonline resource|bcr|2rdacarrier |
| 362 | 1 |aBegan with: March 31, 2015. |
| 500 | |aIssued also in French under title: Déclaration de responsabilité de la direction englobant le contrôle interne en matière de rapports financiers. |
| 588 | |aDescription based on: March 31, 2015; title from PDF caption. |
| 588 | |aLatest issue consulted: March 31, 2022. |
| 610 | 20|aAdministrative Tribunals Support Service of Canada|vPeriodicals. |
| 650 | 0|aFinance, Public|zCanada|vPeriodicals. |
| 655 | 7|aPeriodicals|2lcgft |
| 775 | 08|tDéclaration de responsabilité de la direction englobant le contrôle interne en matière de rapports financiers / |w(CaOODSP)9.916414 |